000 00443nam a2200181Ia 4500
001 23275
005 20260414150926.0
008 260414t2015||||xx |||||||||||||| ||spa||
041 _aESP
082 _a628.14
_bH44
100 _aHernández Muñoz, Aurelio
_eAUT
245 0 _aAbastecimiento y distribución de agua
_b
260 _c2015
300 _a933 páginas :
_c24 cm.
650 _a0
654 _aCIC
942 _cLIB
_dJUS
_fJUS
_2ddc
_n
999 _c23275
_d23275